[Event "IND-ch U20 Girls"]
[Site "Chennai"]
[Date "2009.09.22"]
[Round "4"]
[White "Mitali, Madhukar Patil"]
[Black "Taraswinee, B."]
[Result "1-0"]
[WhiteElo "2041"]
[BlackElo "1794"]
[PlyCount "57"]
[EventDate "2009.09.20"]
[EventType "swiss"]
[EventRounds "11"]
[EventCountry "IND"]
[SourceTitle "CBM 132 Extra"]
[Source "ChessBase"]
[SourceDate "2009.11.03"]
[SourceVersion "1"]
[SourceVersionDate "2009.11.03"]
[SourceQuality "1"]

1. e4 g6 2. d4 Bg7 3. Nc3 d6 4. Nf3 Nd7 5. Be3 e5 6. Qd2 exd4 7. Bxd4 f6 8. Bc4 Ne5 9. Bxe5 fxe5 10. Ng5 Nh6 11. 0-0-0 Bd7 12. h4 Bf6 13. Nd5 b5 14. Bb3 a5 15. a4 bxa4 16. Bxa4 Bxa4 17. Ne6 Qc8 18. Nexc7+ Kf7 19. Nxa8 Qxa8 20. Qxh6 Rc8 21. Nc3 Bxc2 22. Rxd6 Bxe4 23. Qxh7+ Bg7 24. Rd7+ Ke6 25. Qxg7 Rf8 26. Qe7+ Kf5 27. Qg5+ Ke6 28. Rhd1 Qc6 29. Re7# 1-0

[Event "IND-ch U20 Girls"]
[Site "Chennai"]
[Date "2009.09.21"]
[Round "2"]
[White "Taraswinee, B."]
[Black "Harini, S."]
[Result "0-1"]
[WhiteElo "1794"]
[BlackElo "2109"]
[PlyCount "156"]
[EventDate "2009.09.20"]
[EventType "swiss"]
[EventRounds "11"]
[EventCountry "IND"]
[SourceTitle "CBM 132 Extra"]
[Source "ChessBase"]
[SourceDate "2009.11.03"]
[SourceVersion "1"]
[SourceVersionDate "2009.11.03"]
[SourceQuality "1"]

1. Nf3 Nf6 2. g3 g6 3. Bg2 Bg7 4. c3 d5 5. d4 0-0 6. 0-0 Bf5 7. Re1 c6 8. Nbd2 Ne4 9. Nh4 Nd7 10. Nxf5 gxf5 11. f3 Nxd2 12. Qxd2 e6 13. e4 fxe4 14. fxe4 Qb6 15. Kh1 Rae8 16. b3 Kh8 17. Ba3 Rg8 18. Qf4 f6 19. Qd6 Qd8 20. Qf4 dxe4 21. Rxe4 f5 22. Re2 Nf6 23. Rae1 Nd5 24. Bxd5 Qxd5+ 25. Kg1 Bf6 26. Qd6 Qxd6 27. Bxd6 Rg6 28. Kg2 Bg7 29. Be5 Bxe5 30. Rxe5 f4 31. d5 cxd5 32. Rxd5 Rc8 33. Rd3 Kg7 34. Re4 fxg3 35. hxg3 Rf6 36. c4 Rc7 37. Rg4+ Rg6 38. Rgd4 Rf6 39. Rg4+ Rg6 40. Rgd4 Rf6 41. Rd7+ Rf7 42. Rxc7 Rxc7 43. Rf3 Rd7 44. a3 Rd2+ 45. Kh3 Kg6 46. b4 Rc2 47. c5 e5 48. g4 a5 49. Kg3 axb4 50. axb4 Rb2 51. Re3 Kf6 52. Re4 Rb3+ 53. Kh4 Ke6 54. Kg5 Kd5 55. Re2 Rxb4 56. Rh2 e4 57. Kf4 Kd4 58. Rxh7 Kd3 59. Rh3+ e3+ 60. Kf3 e2 61. Rh1 Kd2 62. Rh2 Rb3+ 63. Kf4 Rc3 64. g5 Rxc5 65. g6 Kd1 66. g7 e1Q 67. g8Q Qe5+ 68. Kf3 Rc3+ 69. Kg2 Rc2+ 70. Kf3 Qxh2 71. Qd5+ Qd2 72. Qxb7 Qg2+ 73. Ke3 Qxb7 74. Kd3 Qd5+ 75. Ke3 Rc3+ 76. Kf2 Qf3+ 77. Kg1 Ke1 78. Kh2 Qh3+ 0-1

[Event "Asia-ch U20 Girls"]
[Site "Chennai"]
[Date "2008.12.11"]
[Round "6"]
[White "Michelle, Catherina P"]
[Black "Taraswinee, B."]
[Result "1-0"]
[WhiteElo "1713"]
[BlackElo "1819"]
[PlyCount "67"]
[EventDate "2008.12.05"]
[EventType "swiss"]
[EventRounds "9"]
[EventCountry "IND"]
[SourceTitle "CBM 127 Extra"]
[Source "ChessBase"]
[SourceDate "2009.01.08"]
[SourceVersion "2"]
[SourceVersionDate "2009.01.28"]
[SourceQuality "1"]

1. e4 e5 2. Nf3 Nf6 3. Nxe5 d6 4. Nf3 Nxe4 5. Nc3 Nxc3 6. dxc3 Bg4 7. Be3 Be7 8. Bd3 a6 9. h3 Be6 10. Nd4 Bd5 11. Qg4 g6 12. 0-0 Nc6 13. c4 Ne5 14. Qe2 Nxd3 15. cxd3 Be6 16. Nxe6 fxe6 17. d4 Qd7 18. Rfe1 0-0-0 19. b4 b6 20. Rec1 c6 21. b5 axb5 22. cxb5 c5 23. a4 Kc7 24. dxc5 dxc5 25. a5 Qd3 26. Bf4+ Rd6 27. Qxd3 Rhd8 28. axb6+ Kxb6 29. Ra6+ Kc7 30. b6+ Kb7 31. Bxd6 Rxd6 32. Qb5 Bg5 33. Ra7+ Kb8 34. Qxc5 1-0